00688nam a2200181Ia 4500952013200000952013300132999001700265003000400282005001700286008004100303040000900344082001800353100002800371245003900399260001800438300000800456942004200464 00102ddc40708HISTORYaMESbMEScRAREd2019-02-20g0.75l0o954.83 RAH/Pp292r2019-02-20 00:00:00t2w2019-02-20yREFzU6R5 00102ddc40708HISTORYaMESbMEScHISd2019-02-20g0.75l0o954.83 RAH/Pp2884r2019-02-20 00:00:00t1w2019-02-20yBKzGL34R3 c18772d18772OSt20200626132045.0190216s9999||||xx |||||||||||||| ||und|| coclc a954.83bRAH/P aRahiman, K Abdu 93239 0aPrachina Malabar /cK Abdu Rahiman bBushra Books, a86p cBK2ddch954.83iRAH/Pk954.83mRAH/P